Actos de vision (Record no. 643)

MARC details
000 -LEADER
campo de control de longitud fija 00699nam a22001337a 4500
008 - DATOS DE LONGITUD FIJA--INFORMACIÓN GENERAL
campo de control de longitud fija 150529b xxu||||| |||| 00| 0 eng d
082 ## - NÚMERO DE LA CLASIFICACIÓN DECIMAL DEWEY
Número de clasificación 779.092
Número de ítem B 443a
100 ## - ENTRADA PRINCIPAL--NOMBRE DE PERSONA
Nombre de persona Patricia, Belli (curadora)
9 (RLIN) 2883
245 ## - MENCIÓN DEL TÍTULO
Título Actos de vision
Mención de responsabilidad, etc. Alvarez, Maria Jose, Gonzalez,Celeste Gordillo, Claudia, Villalobos,Patricia
260 ## - PUBLICACIÓN, DISTRIBUCIÓN, ETC.
Lugar de publicación, distribución, etc. Nicaragua
300 ## - DESCRIPCIÓN FÍSICA
Extensión 14 p.
Otras características físicas ill
Dimensiones 20x21 cm
650 ## - PUNTO DE ACCESO ADICIONAL DE MATERIA--TÉRMINO DE MATERIA
Subdivisión general Fotografia
-- Fotografia-mujer-nicaraguense
-- Multiculturalismo
-- Discriminacion
-- Feminismo
-- Alvarez, Maria Jose-exhibicion
-- Gordillo, Claudia-exhibicion
-- Gonzalez, Celeste-exhibicion
-- Villalobos, Patricia-exhibicion
9 (RLIN) 2884
700 ## - ENTRADA AGREGADA--NOMBRE PERSONAL
Nombre de persona Alvarez, Maria Jose, Gonzalez,Celeste Gordillo, Claudia, Villalobos,Patricia
9 (RLIN) 2885
Holdings
Estatus retirado Estado de pérdida Fuente del sistema de clasificación o colocación Estado de daño No para préstamo Biblioteca de origen Biblioteca actual Ubicación en estantería Fecha de adquisición Total de préstamos Signatura topográfica completa Código de barras Visto por última vez Precio de reemplazo Tipo de ítem Koha
    Clasificación Decimal Dewey     Biblioteca LadoV Biblioteca LadoV   29/05/2015   779.092 B 443a 001217 29/05/2015 29/05/2015 Material 01